Top 250 Most Valuable Footballers of All Time - Statistics

General Stats
  • This quiz has been taken 70 times
  • The average score is 91 of 250
Answer Stats
Ranking Player Market Value (Euros) Nationality Year of Highest Value % Correct
2 Erling Haaland 200.00m Norway 2024
100%
4 Kylian Mbappe 200.00m France 2018
98%
1 Lamine Yamal 200.00m Spain 2025
96%
7 Lionel Messi 180.00m Argentina 2017
93%
6 Neymar 180.00m Brazil 2018
93%
3 Vinicius Junior 200.00m Brazil 2024
93%
13 Harry Kane 150.00m England 2018
91%
12 Mohamed Salah 150.00m Egypt 2018
89%
30 Cristiano Ronaldo 120.00m Portugal 2014
87%
5 Jude Bellingham 180.00m England 2023
87%
11 Sadio Mane 150.00m Senegal 2019
83%
9 Bukayo Saka 150.00m England 2024
80%
15 Kevin De Bruyne 150.00m Belgium 2018
80%
21 Alexander Isak 140.00m Sweden 2025
76%
22 Cole Palmer 130.00m England 2024
76%
28 Declan Rice 120.00m England 2024
76%
17 Eden Hazard 150.00m Belgium 2018
76%
25 Federico Valverde 130.00m Uruguay 2024
76%
19 Florian Wirtz 140.00m Germany 2024
76%
20 Jamal Musiala 140.00m Germany 2024
76%
29 Ousmane Dembele 120.00m France 2019
76%
10 Phil Foden 150.00m England 2024
76%
52 Romelu Lukaku 100.00m Belgium 2018
74%
76 Luis Suarez 90.00m Uruguay 2015
72%
31 Moises Caicedo 110.00m Ecuador 2025
72%
18 Pedri 140.00m Spain 2025
72%
49 Virgil van Dijk 100.00m Netherlands 2019
72%
36 Martin Odegaard 110.00m Norway 2024
67%
27 Victor Osimhen 120.00m Nigeria 2023
67%
14 Antoine Griezmann 150.00m France 2018
65%
81 Enzo Fernandez 85.00m Argentina 2023
65%
57 Gavi 90.00m Spain 2022
65%
50 Paul Pogba 100.00m France 2019
65%
26 Rodri 130.00m Spain 2024
65%
34 Rodrygo 110.00m Brazil 2024
65%
35 Lautaro Martinez 110.00m Argentina 2023
63%
56 Arda Guler 90.00m Turkiye 2025
61%
77 Gareth Bale 90.00m Wales 2016
61%
73 Heung-min Son 90.00m South Korea 2020
61%
33 Vitinha 110.00m Portugal 2025
61%
55 Desire Doue 90.00m France 2025
59%
51 Jan Oblak 100.00m Slovenia 2019
59%
32 Joao Neves 110.00m Portugal 2025
59%
45 N'Golo Kante 100.00m France 2018
59%
44 Bernardo Silva 100.00m Portugal 2019
57%
67 Bruno Fernandes 90.00M Portugal 2020
57%
63 Frenkie de Jong 90.00m Netherlands 2019
57%
40 Julian Alvarez 100.00m Argentina 2025
57%
94 Achraf Hakimi 80.00m Morocco 2025
54%
72 Alisson 90.00m Brazil 2019
54%
201 Angel Di Maria 65.00m Argentina 2014
54%
217 Min-jae Kim 60.00m South Korea 2023
54%
61 Raphinha 90.00m Brazil 2025
54%
106 Toni Kroos 80.00m Germany 2017
54%
37 Trent Alexander-Arnold 110.00m England 2019
54%
39 Eduardo Camavinga 100.00m France 2024
52%
161 Harry Maguire 70.00m England 2019
52%
42 Joao Felix 100.00m Portugal 2019
52%
86 Marcus Rashford 85.00m England 2021
52%
111 Nuno Mendes 75.00m Portugal 2025
52%
16 Philippe Coutinho 150.00m Brazil 2018
52%
78 Robert Lewandowski 90.00m Poland 2018
52%
131 Gonzalo Higuain 75.00m Argentina 2016
50%
68 Joshua Kimmich 90.00m Germany 2021
50%
48 Leroy Sane 100.00m Germany 2018
50%
83 Luis Diaz 85.00m Colombia 2024
50%
120 Matthijs de Ligt 75.00m Netherlands 2019
50%
8 Raheem Sterling 160.00m England 2019
50%
41 Alexis Mac Allister 100.00m Argentina 2025
48%
43 Aurelien Tchouameni 100.00m France 2024
48%
134 Bradley Barcola 70.00m France 2025
48%
53 Christian Eriksen 100.00m Denmark 2019
48%
156 Ederson 70.00m Brazil 2019
48%
238 John Stones 60.00m England 2018
48%
38 Paulo Dybala 110.00m Argentina 2018
48%
126 Thibaut Courtois 75.00m Belgium 2020
48%
130 Thomas Muller 75.00m Germany 2015
48%
121 Viktor Gyokeres 75.00m Sweden 2024
48%
173 Andres Iniesta 70.00m Spain 2012
46%
99 Ruben Dias 80.00m Portugal 2023
46%
107 Sergio Aguero 80.00m Argentina 2018
46%
59 William Saliba 90.00m France 2025
46%
93 Alphonso Davies 80.00m Canada 2020
43%
46 Dele Alli 100.00m England 2018
43%
47 Jack Grealish 100.00m England 2021
43%
64 Kai Havertz 90.00m Germany 2019
43%
62 Rafael Leao 90.00m Portugal 2023
43%
202 Xavi 65.00m Spain 2010
43%
97 Alessandro Bastoni 80.00m Italy 2025
41%
137 Benjamin Sesko 70.00m Slovenia 2025
41%
247 Edinson Cavani 60.00m Uruguay 2013
41%
79 Hugo Ekitike 85.00m France 2025
41%
110 Kenan Yildiz 75.00m Turkiye 2025
41%
154 Lucas Hernandez 70.00m France 2019
41%
123 Marquinhos 75.00m Brazil 2021
41%
100 Nicolo Barella 80.00m Italy 2024
41%
88 Pau Cubarsi 80.00m Spain 2025
41%
230 Theo Hernandez 60.00m France 2022
41%
89 Xavi Simons 80.00m Netherlands 2024
41%
85 Dusan Vlahovic 85.00m Serbia 2022
39%
24 Jadon Sancho 130.00m England 2020
39%
23 Michael Olise 130.00m France 2025
39%
113 Omar Marmoush 75.00m Egypt 2025
39%
203 Wayne Rooney 65.00m England 2012
39%
108 Casemiro 80.00m Brazil 2020
37%
146 Cody Gakpo 70.00m Netherlands 2025
37%
138 Darwin Nunez 70.00m Uruguay 2022
37%
91 Josko Gvardiol 80.00m Croatia 2023
37%
139 Matheus Cunha 70.00m Brazil 2025
37%
142 Reece James 70.00m England 2022
37%
71 Roberto Firmino 90.00m Brazil 2019
37%
101 Andrew Robertson 80.00m Scotland 2019
35%
84 Dominik Szoboszlai 85.00m Hungary 2025
35%
80 Gabriel Martinelli 85.00m Brazil 2023
35%
193 Gianluigi Donnarumma 65.00m Italy 2021
35%
170 Miralem Pjanic 70.00m Bosnia & Herzegovina 2018
35%
133 Nico Williams 70.00m Spain 2024
35%
129 Pierre-Emerick Aubameyang 75.00m Gabon 2018
35%
103 Raphael Varane 80.00m France 2018
35%
66 Sergej Milinkovic-Savic 90.00m Serbia 2018
35%
105 Sergio Busquets 80.00m Spain 2017
35%
171 Alexis Sanchez 70.00m Chile 2018
33%
116 Bryan Mbeumo 75.00m Cameroon 2025
33%
232 Dani Olmo 60.00m Spain 2024
33%
228 Davinson Sanchez 60.00m Colombia 2019
33%
151 Dayot Upamecano 70.00m France 2025
33%
148 Eder Militao 70.00m Brazil 2023
33%
206 Endrick 60.00m Brazil 2024
33%
227 Fabian Ruiz 60.00m Spain 2019
33%
114 Gabriel Magalhaes 75.00m Brazil 2024
33%
104 James Rodriguez 80.00m Colombia 2015
33%
178 Joao Pedro 65.00m Brazil 2025
33%
162 Leon Goretzka 70.00m Germany 2021
33%
240 Riyad Mahrez 60.00m Algeria 218
33%
69 Serge Gnabry 90.00m Germany 2020
33%
191 Cristian Romero 65.00m Argentina 2023
30%
200 David Alaba 65.00m Austria 2019
30%
226 Ibrahima Konate 60.00m France 2025
30%
172 Ivan Rakitic 70.00m Croatia 2018
30%
166 Jordi Alba 70.00m Spain 2018
30%
169 Marcelo 70.00m Brazil 2018
30%
90 Randal Kolo Muani 80.00m France 2023
30%
179 Rasmus Hojlund 65.00m Denmark 2023
30%
190 Richarlison 65.00m Brazil 2020
30%
198 Alvaro Morata 65.00m Spain 2018
28%
197 Anthony Martial 65.00m France 2018
28%
243 Daniel Carvajal 60.00m Spain 2018
28%
236 Federico Dimarco 60.00m Italy 2024
28%
122 Marcus Thuram 75.00m France 2024
28%
118 Mason Mount 75.00m England 2021
28%
119 Nicolas Pepe 75.00m Cote d'Ivoire 2019
28%
60 Ryan Gravenberch 90.00m Netherlands 2025
28%
231 Christian Pulisic 60.00m United States 2019
26%
74 Isco 90.00m Spain 2018
26%
183 Jeremy Doku 65.00m Belgium 2023
26%
189 Jules Kounde 65.00m France 2025
26%
174 Kaka 70.00m Brazil 2007
26%
54 Mauro Icardi 100.00m Argentina 2018
26%
109 Ronaldinho 80.00m Brazil 2007
26%
102 Timo Werner 80.00m Germany 2020
26%
82 Bruno Guimaraes 85.00m Brazil 2023
24%
160 Joao Cancelo 70.00m Portugal 2022
24%
195 Kingsley Coman 65.00m France 2021
24%
249 Mats Hummels 60.00m Germany 2018
24%
141 Ronald Araujo 70.00m Uruguay 2023
24%
135 Willian Pacho 70.00m Ecuador 2025
24%
211 Alejandro Balde 60.00m Spain 2025
22%
112 Antony 75.00m Brazil 2022
22%
87 Estevao 80.00m Brazil 2025
22%
95 Gabriel Jesus 80.00m Brazil 2018
22%
144 Nick Woltemade 70.00m Germany 2025
22%
163 Samuel Umtiti 70.00m France 2018
22%
117 Sandro Tonali 75.00m Italy 2025
22%
168 David de Gea 70.00m Spain 2018
20%
132 Dean Huijsen 70.00m Spain 2025
20%
184 Eberechi Eze 65.00m England 2025
20%
136 Fermin Lopez 70.00m Spain 2025
20%
147 Jurrien Timber 70.00m Netherlands 2025
20%
128 Kalidou Koulibaly 75.00m Senegal 2019
20%
165 Koke 70.00m Spain 2017
20%
75 Marc-Andre ter Stegen 90.00m Germany 2019
20%
65 Marco Asensio 90.00m Spain 2018
20%
115 Martin Zubimendi 75.00m Spain 2025
20%
250 Radamel Falcao 60.00m Colombia 2013
20%
167 Thiago Alcantara 70.00m Spain 2019
20%
208 Warren Zaire-Emery 60.00m France 2023
20%
222 Ademola Lookman 60.00m Nigeria 2025
17%
229 Diogo Jota 60.00m Portugal 2021
17%
215 Jonathan David 60.00m Canada 2023
17%
188 Morgan Gibbs-White 65.00m England 2025
17%
192 Ollie Watkins 65.00m England 2024
17%
164 Alexandre Lacazette 70.00m France 2019
15%
92 Ansu Fati 80.00m Spain 2020
15%
182 Anthony Gordon 65.00m England 2025
15%
180 Antoine Semenyo 65.00m Ghana 2025
15%
248 Diego Costa 60.00m Spain 2018
15%
145 Douglas Luiz 70.00m Brazil 2024
15%
152 Federico Chiesa 70.00m Italy 2021
15%
153 James Maddison 70.00m England 2023
15%
199 Jorginho 65.00m Italy 2018
15%
125 Lorenzo Insigne 75.00m Italy 2018
15%
187 Lucas Paqueta 65.00m Brazil 2023
15%
220 Manuel Ugarte 60.00m Uruguay 2023
15%
127 Marco Verratti 75.00m Italy 2019
15%
181 Micky van de Ven 65.00m Netherlands 2025
15%
96 Christopher Nkunku 80.00m France 2022
13%
196 Milan Skriniar 65.00m Slovakia 2021
13%
219 Pedro Neto 60.00m Portugal 2025
13%
176 Aleksandar Pavlovic 65.00m Germany 2025
11%
124 Aymeric Laporte 75.00m Spain 2019
11%
216 Bremer 60.00m Brazil 2024
11%
239 Clement Lenglet 60.00m France 2019
11%
155 Jose Maria Gimenez 70.00m Uruguay 2019
11%
237 Kepa Arrizabalaga 60.00m Spain 2019
11%
234 Luka Jovic 60.00m Serbia 2019
11%
214 Mykhaylo Mudryk 60.00m Ukraine 2023
11%
70 Saul Niguez 90.00m Spain 2018
11%
207 Alvaro Carreras 60.00m Spain 2025
9%
149 Arthur Melo 70.00m Brazil 2019
9%
221 Dejan Kulusevski 60.00m Sweden 2024
9%
157 Fabinho 70.00m Brazil 2019
9%
235 Joao Palhinha 60.00m Portugal 2023
9%
218 Karim Adeyemi 60.00m Germany 2025
9%
58 Khvicha Kvaratshkelia 90.00m Georgia 2025
9%
225 Lois Openda 60.00m Belgium 2024
9%
150 Mikel Oyarzabal 70.00m Spain 2021
9%
140 Morgan Rogers 70.00m England 2025
9%
245 Stefan de Vrij 60.00m Netherlands 2019
9%
223 Takefusa Kubo 60.00m Japan 2023
9%
143 Tijjani Reijnders 70.00m Netherlands 2025
9%
185 Wesley Fofana 65.00m France 2022
9%
204 Lennart Karl 60.00m Germany 2025
7%
98 Marcos Llorente 80.00m Spain 2021
7%
175 Nico Paz 65.00m Spain 2025
7%
241 Niklas Sule 60.00m Germany 2019
7%
246 Sergi Roberto 60.00m Spain 2018
7%
186 Tanguy Ndombele 65.00m France 2019
7%
210 Adam Wharton 60.00m England 2025
4%
213 Elliot Anderson 60.00m England 2025
4%
177 Evan Ferguson 65.00m Ireland 2023
4%
242 Marcelo Brozovic 60.00m Croatia 2019
4%
159 Nabil Fekir 70.00m France 2018
4%
194 Naby Keita 65.00m Guinea 2018
4%
209 Pablo Barrios 60.00m Spain 2025
4%
205 Carlos Baleba 60.00m Cameroon 2025
2%
224 Moussa Diaby 60.00m France 2022
2%
212 Oihan Sancet 60.00m Spain 2025
2%
158 Thomas Lemar 70.00m France 2018
2%
233 Wilfred Ndidi 60.00m Nigeria 2021
2%
244 Allan 60.00m Brazil 2019
0%
No matching quizzes found
Score Distribution
Percent of People with Each Score
Percentile by Number Answered
Your Score History
You have not taken this quiz